000 00962nam a2200253 i 4500
001 145455
003 ES-MaACL
005 20250815100951.0
007 t|
008 070214s1973 sp r ||||1| spa d
100 1 _aStern, Curt.
_9108124
245 1 3 _aEl origen de la Genética
_b: un libro fontal de Mendel /
_cC. Stern, E. R. Sherwood ; versión española de Paulino Rodríguez, O. S. A.
250 _a1ª ed.
260 _aMadrid :
_bAlhambra,
_c1973 (
_fSelecciones Gráficas)
300 _aXVIII, 137 p. :
_bil. ;
_c20 cm.
490 1 _aExedra : ciencia, técnica, ingeniería. Sección XII. Historia y Filosofía de las ciencias (4) ;
_v85
600 0 4 _aMendel, Gregor.
_980096
650 0 4 _aGenética.
_913057
700 1 _aSherwood, E. R.
_9106113
700 1 _aRodríguez, Paulino.
_998291
830 0 0 _aExedra.
_pCiencia, técnica, ingeniería
_v85
_9231826
852 _aES-MaACL
_jC-52539
_bR.85389
999 _c145455
_d145455